Statistiques concernant Trouvez les paroles #3

Cliquez ici pour prendre le quiz!

Statistiques générales

  • Ce quiz a été pris 2 999 fois
  • Le résultat moyen est 188 sur 231

Statistiques - réponses

Paroles% Correct
De
99%
Je
98%
Ne
98%
97%
La
97%
Le
97%
Me
97%
À
96%
Plus
96%
Délivrée
95%
Liberée
95%
Libérée
95%
Est
94%
Jamais
93%
M'en
93%
Dans
92%
Pour
92%
En
91%
Et
91%
Ma
91%
Moi
91%
Pas
91%
Mentirai
90%
Neige
90%
Ce
89%
L'hiver
89%
Son
89%
Mon
88%
Nuit
88%
Tour
88%
Froid
87%
J'ai
87%
Doucement
86%
Liberté
86%
Liberté.
86%
Qui
86%
Vais
86%
Il
85%
S'installe
85%
Pouvoir
84%
Prix
84%
Tes
84%
Demain
83%
Pense
83%
Reine
83%
Sentiments
83%
Toujours
83%
Un
83%
C'est
82%
L'ai
82%
Parle
82%
Secret
82%
Solitude
82%
Bien
81%
Cache
81%
N'en
81%
Survivra
81%
Vent
81%
Attention
80%
Décidé
80%
Fais
80%
Royaume
80%
Trop
80%
Été
79%
Hurle
79%
Perdue
79%
Vain
79%
Laissé
78%
Lutté
78%
Place
78%
Tourments
78%
Enfance
77%
Pouvoirs
77%
D'états
75%
Suis
75%
D'âmes
74%
Fort
74%
Les
74%
Des
71%
Tout
71%
Mal
69%
Que
69%
Peur
68%
Peux
67%
Depuis
66%
Dis
66%
Faire
66%
Longtemps
66%
M'ont
66%
On
66%
Quand
66%
Veux
66%
Hauteur
65%
Pis
65%
Prend
65%
Semble
65%
Tant
65%
Cette
64%
Glace
64%
Insignifiant
64%
Tristesse
64%
L'angoisse
63%
Magie
63%
Pleine
62%
Quittée
62%
Voir
62%
Comme
61%
Passé
61%
Mystères
60%
Non
60%
Rêvé
60%
Mes
58%
Bras
57%
Princesse
56%
Du
55%
Tendent
55%
Âme
54%
Cristal
54%
Étoiles
54%
Parfaite
54%
Reviendrai
54%
Voilà
54%
Fleurs
53%
Gelées
53%
Sont
53%
Ciel
52%
L'espace
52%
Oui
52%
Pleure
51%
Sculptant
50%
Vient
50%
Dessinant
49%
Envahit
48%
Pensées
48%
S'exprime
48%
Rien
46%
M'arrête
43%
Désormais
40%

Distribution des résultats

Percentile par nombre de réponses

% des personnes avec chaque résultat

Votre développement - résultats

Vous n’avez pas pris ce quiz